On the Simplicial 3-polytopes with Only Two Types od Edges

Guardado en:
Detalles Bibliográficos
Autor principal: Jendroľ, Stanislav
Otros Autores: Tkáč, Michal, 1958-
Formato: Capítulo de libro
Lenguaje:inglés
Etiquetas: Agregar Etiqueta
Sin Etiquetas, Sea el primero en etiquetar este registro!

MARC

LEADER 00000naa a2200000 4500
001 0167348
005 20240502083409.4
041 0 |a eng 
044 |a NL 
245 1 0 |a On the Simplicial 3-polytopes with Only Two Types od Edges  |c Stanislav Jendroľ, Michal Tkáč 
100 1 |a Jendroľ, Stanislav 
700 1 |a Tkáč, Michal, 1958-